| 000 | 00835cab a2200253 4500 | ||
|---|---|---|---|
| 001 | WB3235-32 | ||
| 008 | 090401t1996 xxu||||| |||| 00| 0 eng d | ||
| 035 | _a(Sirsi) u1473 | ||
| 041 | _aeng | ||
| 245 | _aMarriage values add to rents | ||
| 260 | _c1996 | ||
| 350 | _a0 | ||
| 490 |
_aFarming News _v13 September 1996, 39(1) |
||
| 520 | _aThe Laurence Gould Partnership is warning farmers engaged in rent reviews to be wary of proposed increases based on comparable evidence. | ||
| 650 | _aAGRICULTURAL HOLDINGS ACT 1986 | ||
| 650 | _aPROPERTY-LANDLORD AND TENANT-TENANCIES-AGRICULTURAL TENANCIES | ||
| 650 | _aCHILDERS V ANKERS | ||
| 650 | _aLAURENCE GOULD PARTNERSHIP | ||
| 650 | _aMARRIAGE VALUES | ||
| 650 | _aRENT REVIEWS | ||
| 690 | _aLANDLORD AND TENANT-AGRICULTURAL TENANCIES | ||
| 942 | _n0 | ||
| 948 | _c04/03/1997 | ||
| 999 |
_c822 _d822 |
||